| 000 | 00699nam a2200229Ia 4500 | ||
|---|---|---|---|
| 003 | BUBTL | ||
| 008 | 151213s9999 xx 000 0 und d | ||
| 020 | _a0-07-111561-7 | ||
| 082 |
_a658.3 _bBYH |
||
| 100 |
_aLioyd L. Byans & Leslie W. Rue _92802 |
||
| 245 |
_aHuman Resource Management _cLioyd L. Byans & Leslie W. Rue |
||
| 250 | _a8th | ||
| 260 |
_aBoston _bMc Graw Hill Irwin _c2006 |
||
| 300 |
_a[xiii] , 429p . : _bill , Table ; 22cm . _cManagement . |
||
| 500 | _aIncludes Index . | ||
| 650 |
_aManagement _92803 |
||
| 650 |
_aManagement _92803 |
||
| 700 |
_aLioyd L. Byans & Leslie W. Rue _92802 |
||
| 856 |
_k0 _l0 _yDownload |
||
| 942 |
_2ddc _cBK |
||
| 999 |
_c4782 _d4782 |
||